ภาษีที่ดินและสิ่งปลูกสร้างเพื่อองค์กรปกครองส่วนท้องถิ่น / (ระเบียนเลขที่ 97570)
| 000 -LEADER | |
|---|---|
| fixed length control field | 02425nam a22003257a 4500 |
| 003 - CONTROL NUMBER IDENTIFIER | |
| control field | NALT |
| 005 - DATE AND TIME OF LATEST TRANSACTION | |
| control field | 20260108155107.0 |
| 008 - FIXED-LENGTH DATA ELEMENTS--GENERAL INFORMATION | |
| fixed length control field | 200915b th ||||| |||| 00| 0 tha d |
| 020 ## - INTERNATIONAL STANDARD BOOK NUMBER | |
| International Standard Book Number | 9786164760882 |
| 040 ## - CATALOGING SOURCE | |
| Original cataloging agency | NALT |
| 090 ## - LOCALLY ASSIGNED LC-TYPE CALL NUMBER (OCLC); LOCAL CALL NUMBER (RLIN) | |
| Classification number (OCLC) (R) ; Classification number, CALL (RLIN) (NR) | KI 501 |
| Local cutter number (OCLC) ; Book number/undivided call number, CALL (RLIN) | ส116ภ 2563 |
| 100 0# - MAIN ENTRY--PERSONAL NAME | |
| Personal name | สกล ลีโนทัย. |
| 9 (RLIN) | 47253 |
| 245 10 - TITLE STATEMENT | |
| Title | ภาษีที่ดินและสิ่งปลูกสร้างเพื่อองค์กรปกครองส่วนท้องถิ่น / |
| Statement of responsibility, etc. | สกล ลีโนทัย. |
| Medium | [electronic resource] |
| 250 ## - EDITION STATEMENT | |
| Edition statement | พิมพ์ครั้งที่ 1. |
| 260 ## - PUBLICATION, DISTRIBUTION, ETC. | |
| Place of publication, distribution, etc. | กรุงเทพฯ : |
| Name of publisher, distributor, etc. | สถาบันพระปกเกล้า, |
| Date of publication, distribution, etc. | 2563. |
| 300 ## - PHYSICAL DESCRIPTION | |
| Extent | 231 หน้า : |
| Other physical details | ภาพประกอบ, ตาราง ; |
| Dimensions | 21 ซม. |
| 300 ## - PHYSICAL DESCRIPTION | |
| Extent | Online resource |
| 500 ## - GENERAL NOTE | |
| General note | เอกสารวิชาการ ลำดับที่ 130 |
| 520 ## - SUMMARY, ETC. | |
| Summary, etc. | หนังสือเล่มนี้ให้ความรู้เกี่ยวกับที่มา และวิวัฒนาการขององค์กรปกครองส่วนท้องถิ่น อันเป็น บริบทของภาษีที่ดินและสิ่งปลูกสร้างในท้องถิ่น รวมถึงพระราชบัญญัติที่เกี่ยวข้อง ตลอดจนการบังคับใช้.<br/> |
| 650 #4 - SUBJECT ADDED ENTRY--TOPICAL TERM | |
| 9 (RLIN) | 11338 |
| Topical term or geographic name entry element | ภาษีที่ดิน |
| General subdivision | กฎหมายและระเบียบข้อบังคับ |
| 650 #4 - SUBJECT ADDED ENTRY--TOPICAL TERM | |
| 9 (RLIN) | 47362 |
| Topical term or geographic name entry element | ภาษีโรงเรือนและที่ดิน |
| General subdivision | กฎหมายและระเบียบข้อบังคับ |
| 650 #4 - SUBJECT ADDED ENTRY--TOPICAL TERM | |
| Topical term or geographic name entry element | การปกครองท้องถิ่น |
| Geographic subdivision | ไทย |
| 9 (RLIN) | 10152 |
| 650 #4 - SUBJECT ADDED ENTRY--TOPICAL TERM | |
| 9 (RLIN) | 47363 |
| Topical term or geographic name entry element | การคลังท้องถิ่น |
| General subdivision | กฎหมายและระเบียบข้อบังคับ |
| 710 2# - ADDED ENTRY--CORPORATE NAME | |
| Corporate name or jurisdiction name as entry element | สถาบันพระปกเกล้า. |
| Subordinate unit | วิทยาลัยพัฒนาการปกครองท้องถิ่น |
| 9 (RLIN) | 18058 |
| 850 ## - HOLDING INSTITUTION | |
| Holding institution | NALT |
| 856 40 - ELECTRONIC LOCATION AND ACCESS | |
| Uniform Resource Identifier | <a href="https://ebook.parliament.go.th/ebookall/detail/438313">https://ebook.parliament.go.th/ebookall/detail/438313</a> |
| Link text | E-Book |
| 942 ## - ADDED ENTRY ELEMENTS (KOHA) | |
| Koha item type | Law Book |
| Source of classification or shelving scheme | Local Classification |
| 996 ## - STAFF PROCESSING RECORDS (NALT) | |
| Staff name | jamriang.p |
| Staff type | CATSTF |
| Acquisition or Cataloging date | 2026-01-08 |
| 998 ## - STAFF NAME (NALT) | |
| -- | 1020 |
| -- | นางจำเรียง ระวังสำโรง |
| Withdrawn status | Lost status | Source of classification or shelving scheme | Damaged status | Not for loan | Collection code | Home library | Current library | Shelving location | Date acquired | Total Checkouts | Total Renewals | Full call number | Barcode | Date last seen | Date last checked out | Copy number | Price effective from | Koha item type | Source of acquisition |
|---|---|---|---|---|---|---|---|---|---|---|---|---|---|---|---|---|---|---|---|
| Local Classification | Law Book collection | National Assembly Library of Thailand | National Assembly Library of Thailand | Law Book shelves | 15/09/2020 | 2 | 2 | KI 501 ส116ภ 2563 | 3961211348 | 27/03/2025 | 17/03/2025 | ฉ.1 | 15/09/2020 | Law Book | |||||
| Local Classification | Law Book collection | National Assembly Library of Thailand | National Assembly Library of Thailand | Law Book shelves | 15/09/2020 | 10 | 9 | KI 501 ส116ภ 2563 | 3961211349 | 15/08/2024 | 01/08/2024 | ฉ.2 | 15/09/2020 | Law Book | |||||
| Local Classification | Senate | National Assembly Library of Thailand | National Assembly Library of Thailand | Law Book shelves | 29/04/2023 | 1 | KI 501 ส116ภ 2563 | 0100009442001 | 25/06/2024 | 21/06/2024 | 29/04/2023 | Law Book | |||||||
| Library of Congress Classification | Electronic Resources | National Assembly Library of Thailand | National Assembly Library of Thailand | Online Access | 29/09/2025 | 29/09/2025 | 1 | 29/09/2025 | E-Book | 191 |
